Tribhuvan University Central Library

Foundations of fluid mechanics (Record no. 109126)

MARC details
000 -LEADER
fixed length control field 00402nam a22001577a 4500
008 - FIXED-LENGTH DATA ELEMENTS--GENERAL INFORMATION
fixed length control field 230418b |||||||| |||| 00| 0 eng d
041 ## - LANGUAGE CODE
Language code of text/sound track or separate title Eng
082 ## - DEWEY DECIMAL CLASSIFICATION NUMBER
Classification number 532/Yu9f
100 ## - MAIN ENTRY--PERSONAL NAME
Personal name Yuan, S.W.
245 ## - TITLE STATEMENT
Title Foundations of fluid mechanics
260 ## - PUBLICATION, DISTRIBUTION, ETC.
Place of publication, distribution, etc. New Delhi:
Name of publisher, distributor, etc. Prentice-hall of India,
Date of publication, distribution, etc. 1976
300 ## - PHYSICAL DESCRIPTION
Extent xxii,607p.;illus.
650 ## - SUBJECT ADDED ENTRY--TOPICAL TERM
Topical term or geographic name entry element Physics
650 ## - SUBJECT ADDED ENTRY--TOPICAL TERM
Topical term or geographic name entry element Fluid mechanics
942 ## - ADDED ENTRY ELEMENTS (KOHA)
Source of classification or shelving scheme Dewey Decimal Classification
Koha item type General Collections
Holdings
Withdrawn status Lost status Source of classification or shelving scheme Damaged status Not for loan Home library Current library Date acquired Total Checkouts Full call number Barcode Date last seen Date last checked out Price effective from Koha item type
    Dewey Decimal Classification     Tribhuvan University Central Library Tribhuvan University Central Library 04/18/2023 1 532/Yu9f 70570 04/27/2023 04/18/2023 04/18/2023 General Collections